LEADER 01083nam a2200253 i 4500 001 000000162958 003 CaOOAMICUS 005 20231106150909.0 008 070713s1964 it u000 u mul u 013 $a140322 040 $aSeMil$bita 100 1 $aPiccioni, Leone,$d<1925-2018>.$0(OLS)http://semarc/name/90407 245 10$aAntologia dei poeti negri d'America /$cLeone Piccioni [e] Perla Cacciaguerra ; introduzione e Appendice critica di Leone Piccioni. 260 $a[Milano] :$bArnoldo Mondadori Editore,$c1964. 300 $a675 p. ;$c22 cm. 546 $aTesto inglese a fronte. 650 4$aPoesia afroamericana - Antologie.$0(OLS)http://semarc/subject/30997 700 1 $aCacciaguerra, Perla.$0(OLS)http://semarc/name/36680 850 $aSeMil 852 $aSeMil$W1$xVenegono$y1$m1U VI 91$j244130$B114282$CSeMilBibl$Z2$F125151 $81 961 $aRecupero: Altro 996 $6245$aAntologia dei poeti negri d'America$9(OLS)http://semarc/title/232499 996 $6260$a[Milano] :$bArnoldo Mondadori Editore$9(OLS)http://semarc/publisher/29634 LEADER 00931nam a2200205 i 4500 001 000000191788 003 CaOOAMICUS 005 20100826000000.0 008 100826s1912 it u000 u spa u 013 $a170360 040 $aSeMil$bita 100 1 $aCubi Pbro, Manuel.$0(OLS)http://semarc/name/69997 245 10$aVida del Beato Don Juan de Ribera :$bpatriarca de Antioquia... /$cpor el Reverendo Doctor D. Manuel Cubi Pbro. 260 $aBarcelona :$bHerederos de la vidua Pin,$c1912. 300 $aIV, 444 p. :$bill. ;$c24 cm. 600 04$aGiovanni : de Ribera .$0(OLS)http://semarc/subject/16699 850 $aSeMil 852 $aSeMil$W1$xVenegono$y1$m3H IV 37$j142396$B142396$CSeMilBibl$Z2$F153931 $81 996 $6245$aVida del Beato Don Juan de Ribera :$bpatriarca de Antioquia...$9(OLS)http://semarc/title/276318 996 $6260$aBarcelona :$bHerederos de la vidua Pin$9(OLS)http://semarc/publisher/50346